| Record ID | ia:allpresidentsmenbern |
| Source | Internet Archive |
| Download MARC XML | https://archive.org/download/allpresidentsmenbern/allpresidentsmenbern_marc.xml |
| Download MARC binary | https://www.archive.org/download/allpresidentsmenbern/allpresidentsmenbern_meta.mrc |
LEADER: 01792cam 2200481Ia 4500
001 ocm30572753
003 OCoLC
005 20100614163918.0
008 940608r19941974dcuaf 001 0aeng d
010 $a 87012938
040 $aBKL$cBKL$dSCT$dTCA$dBAKER$dBTCTA$dYDXCP$dNZUPM$dOCLCG$dZXN$dVUE$dDEBBG
020 $a0671894412 :$c$12.00
020 $a9780671894412
020 $a067121781X
020 $a9780671217815
035 $a(OCoLC)30572753
050 00 $aE860$b.B47 1987
082 4 $a364.1/32/0973
100 1 $aBernstein, Carl,$d1944-
245 10 $aAll the President's men /$cCarl Bernstein, Bob Woodward.
250 $a2nd Touchstone ed.
260 $aNew York :$bSimon & Schuster,$c1994, c1974.
300 $a349 p., [16] p. of plates :$bill. ;$c21 cm.
500 $a"A Touchstone book."
500 $aIncludes index.
520 $aInvestigation and report of the burglary at Watergate that climaxed with a President's resignation.
650 0 $aWatergate Affair, 1972-1974.
600 10 $aBernstein, Carl,$d1944-
600 10 $aWoodward, Bob.
630 00 $aWashington Post (1877)
700 1 $aWoodward, Bob.
938 $aBaker & Taylor$bBKTY$c14.00$d10.50$i0671894412$n0002425847$sactive
938 $aBaker and Taylor$bBTCP$nbl 99751330
938 $aYBP Library Services$bYANK$n530117
952 $a30572753$zBKL$bBROOKLYN PUB LIBR$hFull OCLC member$iLCC$kDDC$nSummary$u20100529
952 $a217401900$zCUY$bUNIV OF CALIFORNIA, BERKELEY$hFull OCLC member$u20080402
952 $a486936983$zN15$bNEW YORK UNIV, GROUP BATCHLOAD$hFull$iLCC$kDDC$u20091213
029 1 $aYDXCP$b530117
029 1 $aNZ1$b4705028
029 1 $aAU@$b000011197714
029 1 $aDEBBG$bBV014283034
994 $aZ0$bPMR
948 $hNO HOLDINGS IN PMR - 391 OTHER HOLDINGS